000 01165nam a22002057a 4500
005 20260618154128.0
010 _aENG-148888
020 _c249.00
_a9789359067353
035 _aEN-132420
037 _bDBAD/PUB
082 _a305.231
100 _aMalhotra, Shruti
_989444
245 _aRaising Majestic Kids:
_cShruti Malhotra
_bA Proactive Approach to Parenting Act Before They React/
260 _bShruti
_c2023
300 _a167p.:
_c20.5cm(pb);
500 _aShruti is a Consulting Psychologist, Educator, Philanthropist and Entrepreneur. Her illustrious career spans across various fields of psychology, including parenting, relationships, personality, personal growth, professional success, and many more. Her work has been recognised in many National and International Journals. She is the recipient of prestigious awards in the field of Psychology. She has transformed hundreds or thousands of lives across globe with her incredible intrapersonal and interpersonal skills. She is committed to helping all the parents adopt positive parenting practices.
700 _989435
700 _972140
942 _2ddc
_cEN
_h305.231
_mMAL
999 _c216745
_d216745